<?xml version="1.0" encoding="UTF-8"?>
<record
    xmlns:xsi="http://www.w3.org/2001/XMLSchema-instance"
    xsi:schemaLocation="http://www.loc.gov/MARC21/slim http://www.loc.gov/standards/marcxml/schema/MARC21slim.xsd"
    xmlns="http://www.loc.gov/MARC21/slim">

  <leader>01096nam a22002897a 4500</leader>
  <controlfield tag="005">20170426104306.0</controlfield>
  <datafield tag="010" ind1=" " ind2=" ">
    <subfield code="a">1516EN07   B-599121-138   ENG-115283</subfield>
  </datafield>
  <datafield tag="020" ind1=" " ind2=" ">
    <subfield code="c">699.00</subfield>
    <subfield code="a">9788126556175</subfield>
  </datafield>
  <datafield tag="035" ind1=" " ind2=" ">
    <subfield code="a">B-599121-138</subfield>
  </datafield>
  <datafield tag="035" ind1=" " ind2=" ">
    <subfield code="a">B-665208</subfield>
  </datafield>
  <datafield tag="035" ind1=" " ind2=" ">
    <subfield code="a">EN-98815</subfield>
  </datafield>
  <datafield tag="037" ind1=" " ind2=" ">
    <subfield code="b">Asian Book Centre/Ven</subfield>
    <subfield code="a">dpl</subfield>
  </datafield>
  <datafield tag="037" ind1=" " ind2=" ">
    <subfield code="b">DBAD/PUB</subfield>
  </datafield>
  <datafield tag="082" ind1=" " ind2=" ">
    <subfield code="a">658.15</subfield>
  </datafield>
  <datafield tag="245" ind1=" " ind2=" ">
    <subfield code="a">Corporate finance:</subfield>
    <subfield code="c">by Pierre Vernimmen...[et al]</subfield>
    <subfield code="b">theory and practice /</subfield>
  </datafield>
  <datafield tag="250" ind1=" " ind2=" ">
    <subfield code="a">4th ed</subfield>
  </datafield>
  <datafield tag="260" ind1=" " ind2=" ">
    <subfield code="a">New Delhi </subfield>
    <subfield code="b">Wiley India</subfield>
    <subfield code="c">2015</subfield>
  </datafield>
  <datafield tag="270" ind1=" " ind2=" ">
    <subfield code="a">4435-36/7, Ansari Road, Daryaganj, </subfield>
    <subfield code="b">New Delhi </subfield>
    <subfield code="e">110002</subfield>
  </datafield>
  <datafield tag="300" ind1=" " ind2=" ">
    <subfield code="a">xiv,980p.</subfield>
    <subfield code="c">26cm(pbk)</subfield>
  </datafield>
  <datafield tag="500" ind1=" " ind2=" ">
    <subfield code="a">Includes bibliographical references and index.</subfield>
  </datafield>
  <datafield tag="650" ind1=" " ind2=" ">
    <subfield code="a">Corporations  </subfield>
    <subfield code="x">Finance.</subfield>
  </datafield>
  <datafield tag="650" ind1=" " ind2=" ">
    <subfield code="a"> Business enterprises  </subfield>
    <subfield code="x">Finance.</subfield>
  </datafield>
  <datafield tag="700" ind1=" " ind2=" ">
    <subfield code="a">Vernimmen, Pierre</subfield>
  </datafield>
  <datafield tag="942" ind1=" " ind2=" ">
    <subfield code="2">ddc</subfield>
    <subfield code="c">EN</subfield>
    <subfield code="h">658.15</subfield>
    <subfield code="m">COR</subfield>
  </datafield>
  <datafield tag="999" ind1=" " ind2=" ">
    <subfield code="c">96319</subfield>
    <subfield code="d">96319</subfield>
  </datafield>
  <datafield tag="952" ind1=" " ind2=" ">
    <subfield code="0">0</subfield>
    <subfield code="1">0</subfield>
    <subfield code="4">0</subfield>
    <subfield code="7">0</subfield>
    <subfield code="8">NFIC</subfield>
    <subfield code="a">L</subfield>
    <subfield code="b">L</subfield>
    <subfield code="d">2015-12-16</subfield>
    <subfield code="e">ABC/IN4654/23.09.2015/111/16.09.2015/30.09.2015</subfield>
    <subfield code="g">699.00</subfield>
    <subfield code="l">4</subfield>
    <subfield code="o">658.15 VER</subfield>
    <subfield code="p">B-599121</subfield>
    <subfield code="r">2024-12-18 00:00:00</subfield>
    <subfield code="s">2024-12-04</subfield>
    <subfield code="t">2</subfield>
    <subfield code="v">699.00</subfield>
    <subfield code="y">EN</subfield>
  </datafield>
  <datafield tag="952" ind1=" " ind2=" ">
    <subfield code="0">0</subfield>
    <subfield code="1">0</subfield>
    <subfield code="4">0</subfield>
    <subfield code="7">0</subfield>
    <subfield code="8">NFIC</subfield>
    <subfield code="a">L</subfield>
    <subfield code="b">L</subfield>
    <subfield code="d">2015-12-16</subfield>
    <subfield code="e">ABC/IN4654/23.09.2015/111/16.09.2015/30.09.2015</subfield>
    <subfield code="g">699.00</subfield>
    <subfield code="l">2</subfield>
    <subfield code="m">2</subfield>
    <subfield code="o">658.15 VER</subfield>
    <subfield code="p">B-599122</subfield>
    <subfield code="q">2019-06-07</subfield>
    <subfield code="r">2019-05-08 00:00:00</subfield>
    <subfield code="s">2019-05-08</subfield>
    <subfield code="t">2</subfield>
    <subfield code="v">699.00</subfield>
    <subfield code="y">EN</subfield>
  </datafield>
  <datafield tag="952" ind1=" " ind2=" ">
    <subfield code="0">0</subfield>
    <subfield code="1">0</subfield>
    <subfield code="4">0</subfield>
    <subfield code="7">1</subfield>
    <subfield code="8">REF</subfield>
    <subfield code="a">L</subfield>
    <subfield code="b">L</subfield>
    <subfield code="d">2015-12-16</subfield>
    <subfield code="e">ABC/IN4654/23.09.2015/111/16.09.2015/30.09.2015</subfield>
    <subfield code="g">699.00</subfield>
    <subfield code="l">0</subfield>
    <subfield code="o">658.15 VER</subfield>
    <subfield code="p">B-599123</subfield>
    <subfield code="r">2015-12-16 00:00:00</subfield>
    <subfield code="t">1</subfield>
    <subfield code="v">699.00</subfield>
    <subfield code="y">EN</subfield>
  </datafield>
  <datafield tag="952" ind1=" " ind2=" ">
    <subfield code="0">0</subfield>
    <subfield code="1">0</subfield>
    <subfield code="4">0</subfield>
    <subfield code="7">0</subfield>
    <subfield code="8">NFIC</subfield>
    <subfield code="a">BL1</subfield>
    <subfield code="b">BL1</subfield>
    <subfield code="d">2015-12-16</subfield>
    <subfield code="e">ABC/IN4654/23.09.2015/111/16.09.2015/30.09.2015</subfield>
    <subfield code="g">699.00</subfield>
    <subfield code="l">2</subfield>
    <subfield code="o">658.15 VER</subfield>
    <subfield code="p">B-599124</subfield>
    <subfield code="r">2026-05-29 12:32:06</subfield>
    <subfield code="s">2026-05-14</subfield>
    <subfield code="t">1</subfield>
    <subfield code="v">699.00</subfield>
    <subfield code="y">EN</subfield>
  </datafield>
  <datafield tag="952" ind1=" " ind2=" ">
    <subfield code="0">0</subfield>
    <subfield code="1">0</subfield>
    <subfield code="4">0</subfield>
    <subfield code="7">0</subfield>
    <subfield code="8">NFIC</subfield>
    <subfield code="a">KGM</subfield>
    <subfield code="b">KGM</subfield>
    <subfield code="d">2015-12-16</subfield>
    <subfield code="e">ABC/IN4654/23.09.2015/111/16.09.2015/30.09.2015</subfield>
    <subfield code="g">699.00</subfield>
    <subfield code="l">2</subfield>
    <subfield code="m">2</subfield>
    <subfield code="o">658.15 VER</subfield>
    <subfield code="p">B-599125</subfield>
    <subfield code="r">2019-05-27 00:00:00</subfield>
    <subfield code="s">2019-04-27</subfield>
    <subfield code="t">1</subfield>
    <subfield code="v">699.00</subfield>
    <subfield code="y">EN</subfield>
  </datafield>
  <datafield tag="952" ind1=" " ind2=" ">
    <subfield code="0">0</subfield>
    <subfield code="1">0</subfield>
    <subfield code="4">0</subfield>
    <subfield code="7">0</subfield>
    <subfield code="8">NFIC</subfield>
    <subfield code="a">PR</subfield>
    <subfield code="b">PR</subfield>
    <subfield code="d">2015-12-16</subfield>
    <subfield code="e">ABC/IN4654/23.09.2015/111/16.09.2015/30.09.2015</subfield>
    <subfield code="g">699.00</subfield>
    <subfield code="l">0</subfield>
    <subfield code="o">658.15 VER</subfield>
    <subfield code="p">B-599126</subfield>
    <subfield code="r">2015-12-16 00:00:00</subfield>
    <subfield code="t">1</subfield>
    <subfield code="v">699.00</subfield>
    <subfield code="y">EN</subfield>
  </datafield>
  <datafield tag="952" ind1=" " ind2=" ">
    <subfield code="0">0</subfield>
    <subfield code="1">0</subfield>
    <subfield code="4">0</subfield>
    <subfield code="7">0</subfield>
    <subfield code="8">NFIC</subfield>
    <subfield code="a">TN</subfield>
    <subfield code="b">TN</subfield>
    <subfield code="d">2015-12-16</subfield>
    <subfield code="e">ABC/IN4654/23.09.2015/111/16.09.2015/30.09.2015</subfield>
    <subfield code="g">699.00</subfield>
    <subfield code="l">1</subfield>
    <subfield code="o">658.15 VER</subfield>
    <subfield code="p">B-599127</subfield>
    <subfield code="r">2021-07-16 00:00:00</subfield>
    <subfield code="s">2021-07-08</subfield>
    <subfield code="t">1</subfield>
    <subfield code="v">699.00</subfield>
    <subfield code="y">EN</subfield>
  </datafield>
  <datafield tag="952" ind1=" " ind2=" ">
    <subfield code="0">0</subfield>
    <subfield code="1">0</subfield>
    <subfield code="4">0</subfield>
    <subfield code="7">0</subfield>
    <subfield code="8">NFIC</subfield>
    <subfield code="a">JP</subfield>
    <subfield code="b">JP</subfield>
    <subfield code="d">2015-12-16</subfield>
    <subfield code="e">ABC/IN4654/23.09.2015/111/16.09.2015/30.09.2015</subfield>
    <subfield code="g">699.00</subfield>
    <subfield code="l">3</subfield>
    <subfield code="o">658.15 VER</subfield>
    <subfield code="p">B-599128</subfield>
    <subfield code="r">2025-02-17 00:00:00</subfield>
    <subfield code="s">2025-01-30</subfield>
    <subfield code="t">1</subfield>
    <subfield code="v">699.00</subfield>
    <subfield code="y">EN</subfield>
  </datafield>
  <datafield tag="952" ind1=" " ind2=" ">
    <subfield code="0">0</subfield>
    <subfield code="1">0</subfield>
    <subfield code="4">0</subfield>
    <subfield code="7">0</subfield>
    <subfield code="8">NFIC</subfield>
    <subfield code="a">ZLS</subfield>
    <subfield code="b">ZLS</subfield>
    <subfield code="d">2015-12-16</subfield>
    <subfield code="e">ABC/IN4654/23.09.2015/111/16.09.2015/30.09.2015</subfield>
    <subfield code="g">699.00</subfield>
    <subfield code="l">0</subfield>
    <subfield code="o">658.15 VER</subfield>
    <subfield code="p">B-599129</subfield>
    <subfield code="r">2015-12-16 00:00:00</subfield>
    <subfield code="t">1</subfield>
    <subfield code="v">699.00</subfield>
    <subfield code="y">EN</subfield>
  </datafield>
  <datafield tag="952" ind1=" " ind2=" ">
    <subfield code="0">0</subfield>
    <subfield code="1">0</subfield>
    <subfield code="4">0</subfield>
    <subfield code="7">0</subfield>
    <subfield code="8">NFIC</subfield>
    <subfield code="a">RKP</subfield>
    <subfield code="b">RKP</subfield>
    <subfield code="d">2015-12-16</subfield>
    <subfield code="e">ABC/IN4654/23.09.2015/111/16.09.2015/30.09.2015</subfield>
    <subfield code="g">699.00</subfield>
    <subfield code="l">4</subfield>
    <subfield code="m">4</subfield>
    <subfield code="o">658.15 VER</subfield>
    <subfield code="p">B-599130</subfield>
    <subfield code="r">2023-08-12 00:00:00</subfield>
    <subfield code="s">2023-07-15</subfield>
    <subfield code="t">1</subfield>
    <subfield code="v">699.00</subfield>
    <subfield code="y">EN</subfield>
  </datafield>
  <datafield tag="952" ind1=" " ind2=" ">
    <subfield code="0">0</subfield>
    <subfield code="1">0</subfield>
    <subfield code="4">0</subfield>
    <subfield code="7">0</subfield>
    <subfield code="8">NFIC</subfield>
    <subfield code="a">ZLS</subfield>
    <subfield code="b">ZLS</subfield>
    <subfield code="d">2015-12-16</subfield>
    <subfield code="e">ABC/IN4654/23.09.2015/111/16.09.2015/30.09.2015</subfield>
    <subfield code="g">699.00</subfield>
    <subfield code="l">2</subfield>
    <subfield code="m">3</subfield>
    <subfield code="o">658.15 VER</subfield>
    <subfield code="p">B-599131</subfield>
    <subfield code="r">2025-04-29 00:00:00</subfield>
    <subfield code="s">2025-03-17</subfield>
    <subfield code="t">1</subfield>
    <subfield code="v">699.00</subfield>
    <subfield code="y">EN</subfield>
  </datafield>
  <datafield tag="952" ind1=" " ind2=" ">
    <subfield code="0">0</subfield>
    <subfield code="1">0</subfield>
    <subfield code="4">0</subfield>
    <subfield code="7">0</subfield>
    <subfield code="8">NFIC</subfield>
    <subfield code="a">VP</subfield>
    <subfield code="b">VP</subfield>
    <subfield code="d">2015-12-16</subfield>
    <subfield code="e">ABC/IN4654/23.09.2015/111/16.09.2015/30.09.2015</subfield>
    <subfield code="g">699.00</subfield>
    <subfield code="l">1</subfield>
    <subfield code="o">658.15 VER</subfield>
    <subfield code="p">B-599132</subfield>
    <subfield code="r">2021-04-13 00:00:00</subfield>
    <subfield code="s">2021-03-31</subfield>
    <subfield code="t">1</subfield>
    <subfield code="v">699.00</subfield>
    <subfield code="y">EN</subfield>
  </datafield>
  <datafield tag="952" ind1=" " ind2=" ">
    <subfield code="0">0</subfield>
    <subfield code="1">0</subfield>
    <subfield code="4">0</subfield>
    <subfield code="7">0</subfield>
    <subfield code="8">NFIC</subfield>
    <subfield code="a">BN</subfield>
    <subfield code="b">BN</subfield>
    <subfield code="d">2015-12-16</subfield>
    <subfield code="e">ABC/IN4654/23.09.2015/111/16.09.2015/30.09.2015</subfield>
    <subfield code="g">699.00</subfield>
    <subfield code="l">1</subfield>
    <subfield code="m">1</subfield>
    <subfield code="o">658.15 VER</subfield>
    <subfield code="p">B-599133</subfield>
    <subfield code="r">2019-08-14 00:00:00</subfield>
    <subfield code="s">2019-07-24</subfield>
    <subfield code="t">1</subfield>
    <subfield code="v">699.00</subfield>
    <subfield code="y">EN</subfield>
  </datafield>
  <datafield tag="952" ind1=" " ind2=" ">
    <subfield code="0">0</subfield>
    <subfield code="1">0</subfield>
    <subfield code="4">0</subfield>
    <subfield code="7">0</subfield>
    <subfield code="8">NFIC</subfield>
    <subfield code="a">NRR</subfield>
    <subfield code="b">NRR</subfield>
    <subfield code="d">2015-12-16</subfield>
    <subfield code="e">ABC/IN4654/23.09.2015/111/16.09.2015/30.09.2015</subfield>
    <subfield code="g">699.00</subfield>
    <subfield code="l">0</subfield>
    <subfield code="o">658.15 VER</subfield>
    <subfield code="p">B-599134</subfield>
    <subfield code="r">2015-12-16 00:00:00</subfield>
    <subfield code="t">1</subfield>
    <subfield code="v">699.00</subfield>
    <subfield code="y">EN</subfield>
  </datafield>
  <datafield tag="952" ind1=" " ind2=" ">
    <subfield code="0">0</subfield>
    <subfield code="1">0</subfield>
    <subfield code="4">0</subfield>
    <subfield code="7">0</subfield>
    <subfield code="8">NFIC</subfield>
    <subfield code="a">BKK</subfield>
    <subfield code="b">BKK</subfield>
    <subfield code="d">2015-12-16</subfield>
    <subfield code="e">ABC/IN4654/23.09.2015/111/16.09.2015/30.09.2015</subfield>
    <subfield code="g">699.00</subfield>
    <subfield code="l">0</subfield>
    <subfield code="o">658.15 VER</subfield>
    <subfield code="p">B-599135</subfield>
    <subfield code="r">2015-12-16 00:00:00</subfield>
    <subfield code="t">1</subfield>
    <subfield code="v">699.00</subfield>
    <subfield code="y">EN</subfield>
  </datafield>
  <datafield tag="952" ind1=" " ind2=" ">
    <subfield code="0">0</subfield>
    <subfield code="1">0</subfield>
    <subfield code="4">0</subfield>
    <subfield code="7">0</subfield>
    <subfield code="8">NFIC</subfield>
    <subfield code="a">NR</subfield>
    <subfield code="b">NR</subfield>
    <subfield code="d">2015-12-16</subfield>
    <subfield code="e">ABC/IN4654/23.09.2015/111/16.09.2015/30.09.2015</subfield>
    <subfield code="g">699.00</subfield>
    <subfield code="l">0</subfield>
    <subfield code="o">658.15 VER</subfield>
    <subfield code="p">B-599136</subfield>
    <subfield code="r">2015-12-16 00:00:00</subfield>
    <subfield code="t">1</subfield>
    <subfield code="v">699.00</subfield>
    <subfield code="y">EN</subfield>
  </datafield>
  <datafield tag="952" ind1=" " ind2=" ">
    <subfield code="0">0</subfield>
    <subfield code="1">0</subfield>
    <subfield code="4">0</subfield>
    <subfield code="7">0</subfield>
    <subfield code="8">NFIC</subfield>
    <subfield code="a">BN</subfield>
    <subfield code="b">BN</subfield>
    <subfield code="d">2015-12-16</subfield>
    <subfield code="e">ABC/IN4654/23.09.2015/111/16.09.2015/30.09.2015</subfield>
    <subfield code="g">699.00</subfield>
    <subfield code="l">0</subfield>
    <subfield code="o">658.15 VER</subfield>
    <subfield code="p">B-599137</subfield>
    <subfield code="r">2015-12-16 00:00:00</subfield>
    <subfield code="t">1</subfield>
    <subfield code="v">699.00</subfield>
    <subfield code="y">EN</subfield>
  </datafield>
  <datafield tag="952" ind1=" " ind2=" ">
    <subfield code="0">0</subfield>
    <subfield code="1">0</subfield>
    <subfield code="4">0</subfield>
    <subfield code="7">0</subfield>
    <subfield code="8">NFIC</subfield>
    <subfield code="a">BL4</subfield>
    <subfield code="b">BL4</subfield>
    <subfield code="d">2015-12-16</subfield>
    <subfield code="e">ABC/IN4654/23.09.2015/111/16.09.2015/30.09.2015</subfield>
    <subfield code="g">699.00</subfield>
    <subfield code="l">6</subfield>
    <subfield code="m">2</subfield>
    <subfield code="o">658.15 VER</subfield>
    <subfield code="p">B-599138</subfield>
    <subfield code="r">2024-05-15 00:00:00</subfield>
    <subfield code="s">2024-04-23</subfield>
    <subfield code="t">1</subfield>
    <subfield code="v">699.00</subfield>
    <subfield code="y">EN</subfield>
  </datafield>
  <datafield tag="952" ind1=" " ind2=" ">
    <subfield code="0">0</subfield>
    <subfield code="1">0</subfield>
    <subfield code="4">0</subfield>
    <subfield code="7">1</subfield>
    <subfield code="8">NFIC</subfield>
    <subfield code="a">DBAD</subfield>
    <subfield code="b">BN</subfield>
    <subfield code="d">2016-06-14</subfield>
    <subfield code="e">DBAD/PUB</subfield>
    <subfield code="g">699.00</subfield>
    <subfield code="l">0</subfield>
    <subfield code="o">658.15 COR</subfield>
    <subfield code="p">EN-98815</subfield>
    <subfield code="r">2016-06-14 00:00:00</subfield>
    <subfield code="t">1</subfield>
    <subfield code="v">699.00</subfield>
    <subfield code="y">EN</subfield>
  </datafield>
  <datafield tag="952" ind1=" " ind2=" ">
    <subfield code="0">0</subfield>
    <subfield code="1">0</subfield>
    <subfield code="4">0</subfield>
    <subfield code="7">0</subfield>
    <subfield code="8">NFIC</subfield>
    <subfield code="a">AV</subfield>
    <subfield code="b">AV</subfield>
    <subfield code="d">2017-04-26</subfield>
    <subfield code="e">BPPD/EN/2014-15/AV/16-17/387/15.2.2017/5059/1.3.2017/ 7.3.2017</subfield>
    <subfield code="g">699.00</subfield>
    <subfield code="l">2</subfield>
    <subfield code="m">1</subfield>
    <subfield code="o">658.15 COR</subfield>
    <subfield code="p">B-665208</subfield>
    <subfield code="r">2021-11-15 00:00:00</subfield>
    <subfield code="s">2021-10-26</subfield>
    <subfield code="t">1</subfield>
    <subfield code="v">699.00</subfield>
    <subfield code="y">EN</subfield>
  </datafield>
</record>
